[Event "CHN-chT"]
[Site "Qingdao"]
[Date "2024.04.03"]
[Round "2.2"]
[White "Fan, Jingyi"]
[Black "Wu, Wenda"]
[Result "1/2-1/2"]
[WhiteElo "2040"]
[BlackElo "1818"]
[PlyCount "149"]
[EventDate "2024.04.02"]
[EventType "team-swiss"]
[EventRounds "9"]
[EventCountry "CHN"]
[SourceTitle "CBM 219 Extra"]
[Source "ChessBase"]
[SourceDate "2024.05.31"]
[SourceVersion "1"]
[SourceVersionDate "2024.05.31"]
[SourceQuality "1"]
[WhiteTeam "Hebei"]
[BlackTeam "Ningbo"]
[WhiteTeamCountry "CHN"]
[BlackTeamCountry "CHN"]

1. d4 Nf6 2. Nf3 e6 3. Bf4 c5 4. e3 cxd4 5. exd4 b6 6. c3 Be7 7. h3 0-0 8. Nbd2 d6 9. Bd3 Ba6 10. Bxa6 Nxa6 11. 0-0 Nc7 12. a4 a6 13. Bh2 Qd7 14. Nc4 Nfd5 15. Ne3 b5 16. a5 f5 17. Qd2 h6 18. b3 Nxe3 19. fxe3 Nd5 20. c4 Nf6 21. Qd3 Rfc8 22. Nd2 g6 23. e4 Kg7 24. Rae1 Bd8 25. Qc3 bxc4 26. bxc4 d5 27. exf5 exf5 28. c5 Ne4 29. Nxe4 dxe4 30. d5+ Kh7 31. Rd1 Qb5 32. Bd6 Bxa5 33. Qf6 Ra7 34. Be7 Rg8 35. Rb1 Qc4 36. Qe6 Rg7 37. Bd6 Bc7 38. Bf8 Qd4+ 39. Kh1 Rg8 40. Bd6 Bxd6 41. Qxd6 e3 42. c6 Rgg7 43. Qd8 e2 44. Rfe1 f4 45. Rb8 g5 46. Qh8+ Kg6 47. Qe8+ Rgf7 48. Qe6+ Kg7 49. d6 f3 50. gxf3 Qc3 51. Qxe2 Qxc6 52. Qe5+ Rf6 53. Rb3 Qxd6 54. Qxd6 Rxd6 55. Kg2 a5 56. Ra3 a4 57. Re4 Rda6 58. Kg3 Kg6 59. Re8 Kf5 60. Re4 h5 61. h4 Ra5 62. Rb4 R7a6 63. Re4 Kf6 64. Rb4 Ke6 65. Rd4 Ra7 66. Re3+ Kf6 67. Ra3 Ke5 68. Re4+ Kd6 69. hxg5 Rxg5+ 70. Kh4 Rga5 71. f4 Kd5 72. Re5+ Kd4 73. Rxh5 Rxh5+ 74. Kxh5 Ke4 75. Kg5 1/2-1/2

[Event "CHN-chTB"]
[Site "Hefei"]
[Date "2023.04.21"]
[Round "7"]
[White "Xu, Chang2"]
[Black "Wu, Wenda"]
[Result "1-0"]
[WhiteElo "1614"]
[BlackElo "1700"]
[PlyCount "65"]
[EventDate "2023.04.17"]
[EventType "team-swiss"]
[EventRounds "9"]
[EventCountry "CHN"]
[SourceTitle "EXT 2024"]
[Source "ChessBase"]
[SourceDate "2023.10.10"]
[SourceVersion "1"]
[SourceVersionDate "2023.10.10"]
[SourceQuality "1"]
[WhiteTeam "Chongqing Jiulongpo"]
[BlackTeam "Ningbo National Fitness"]
[WhiteTeamCountry "CHN"]
[BlackTeamCountry "CHN"]

1. e4 c6 2. Nf3 d5 3. Nc3 dxe4 4. Nxe4 Nf6 5. Nxf6+ exf6 6. d4 Bd6 7. Be2 0-0 8. 0-0 Re8 9. Re1 Nd7 10. b3 Nf8 11. Bb2 Bg4 12. c4 Ng6 13. g3 h5 14. Nd2 Bxe2 15. Rxe2 h4 16. Rxe8+ Qxe8 17. Qf3 Qd7 18. Ne4 Bf8 19. Rd1 Rd8 20. Nc3 b5 21. cxb5 cxb5 22. Ne2 Ne5 23. Qf4 g5 24. Qe4 Qh3 25. Rc1 hxg3 26. Nxg3 Ng6 27. Qf5 Qh8 28. d5 Rd6 29. Ne4 Nf4 30. Nxd6 Ne2+ 31. Kg2 Nxc1 32. Ne4 Nd3 33. Nxf6+ 1-0

[Event "CHN-chTB"]
[Site "Harbin"]
[Date "2019.07.27"]
[Round "11.1"]
[White "Yu, Kaifeng"]
[Black "Wu, Wenda"]
[Result "1-0"]
[WhiteElo "2385"]
[BlackElo "1700"]
[PlyCount "51"]
[EventDate "2019.07.20"]
[EventType "team-swiss"]
[EventRounds "11"]
[EventCountry "CHN"]
[SourceTitle "CBM 191 Extra"]
[Source "ChessBase"]
[SourceDate "2019.09.30"]
[SourceVersion "1"]
[SourceVersionDate "2019.09.30"]
[SourceQuality "1"]
[WhiteTeam "Shenzhen Ticai"]
[BlackTeam "Ningbo Huangli School"]
[WhiteTeamCountry "CHN"]
[BlackTeamCountry "CHN"]

1. Nf3 d5 2. c4 e6 3. d4 Nf6 4. Nc3 Nbd7 5. Bg5 Be7 6. e3 a6 7. Rc1 0-0 8. cxd5 exd5 9. Bd3 h6 10. Bf4 c6 11. Ne5 Re8 12. Bb1 Nxe5 13. dxe5 Nh7 14. 0-0 Nf8 15. Bg3 Bh4 16. Bxh4 Qxh4 17. f4 f5 18. exf6 Qxf6 19. e4 Be6 20. e5 Qh4 21. Qd2 g6 22. Ne2 Bf7 23. Rce1 Rad8 24. Nd4 c5 25. Nf3 Ne6 26. Nxh4 1-0

[Event "CHN-chTB"]
[Site "Harbin"]
[Date "2019.07.25"]
[Round "8.2"]
[White "Wu, Wenda"]
[Black "Sjugirov, Sanan"]
[Result "0-1"]
[WhiteElo "1700"]
[BlackElo "2667"]
[PlyCount "82"]
[EventDate "2019.07.20"]
[EventType "team-swiss"]
[EventRounds "11"]
[EventCountry "CHN"]
[SourceTitle "CBM 191 Extra"]
[Source "ChessBase"]
[SourceDate "2019.09.30"]
[SourceVersion "1"]
[SourceVersionDate "2019.09.30"]
[SourceQuality "1"]
[WhiteTeam "Ningbo Huangli School"]
[BlackTeam "Qingdao Chengyang"]
[WhiteTeamCountry "CHN"]
[BlackTeamCountry "CHN"]

1. d4 Nf6 2. Nf3 g6 3. Bf4 Bg7 4. e3 0-0 5. Be2 d6 6. h3 Nbd7 7. 0-0 b6 8. c3 Bb7 9. Nbd2 e6 10. a4 a5 11. Bg5 h6 12. Bxf6 Nxf6 13. Qc2 Qe7 14. e4 e5 15. d5 Nd7 16. Bd3 Nc5 17. b4 Nxd3 18. Qxd3 f5 19. bxa5 Rxa5 20. c4 Qe8 21. Nb3 Rxa4 22. Rxa4 Qxa4 23. Ra1 Qe8 24. Ra7 Qb8 25. Ra2 Qd8 26. Nbd2 h5 27. h4 Bh6 28. g3 Bc8 29. Ra7 f4 30. Nh2 fxg3 31. fxg3 Bh3 32. Ndf3 Qb8 33. Ra2 Kg7 34. Ng5 Bxg5 35. hxg5 b5 36. c5 b4 37. Nf3 b3 38. Rb2 Qa7 39. Kh2 Bg4 40. Nxe5 dxe5 41. Qc3 Kh7 0-1

[Event "CHN-chT"]
[Site "Daqing"]
[Date "2019.06.25"]
[Round "7.7"]
[White "Liu, Zexu"]
[Black "Wu, Wenda"]
[Result "1-0"]
[WhiteElo "2121"]
[BlackElo "1735"]
[PlyCount "51"]
[EventDate "2019.06.19"]
[EventType "team-swiss"]
[EventRounds "9"]
[EventCountry "CHN"]
[SourceTitle "CBM 191 Extra"]
[Source "ChessBase"]
[SourceDate "2019.09.30"]
[SourceVersion "1"]
[SourceVersionDate "2019.09.30"]
[SourceQuality "1"]
[WhiteTeam "Wuxi"]
[BlackTeam "Ningbo"]
[WhiteTeamCountry "CHN"]
[BlackTeamCountry "CHN"]

1. d4 d5 2. c4 c6 3. Nf3 Nf6 4. e3 Bf5 5. Nc3 e6 6. Nh4 Bg6 7. Be2 Ne4 8. Nxg6 Nxc3 9. bxc3 hxg6 10. Rb1 Qc7 11. Qb3 b6 12. cxd5 cxd5 13. Bd2 Rxh2 14. Rxh2 Qxh2 15. Bf3 Nd7 16. g3 Rc8 17. Rc1 Bd6 18. c4 Qh8 19. cxd5 Rxc1+ 20. Bxc1 exd5 21. Qxd5 Ke7 22. Qe4+ Kf6 23. Bb2 Qb8 24. Bg4 Nf8 25. d5+ Kg5 26. Be2 1-0

[Event "CHN-chT"]
[Site "Daqing"]
[Date "2019.06.23"]
[Round "5.7"]
[White "Wu, Wenda"]
[Black "Liu, Yan"]
[Result "0-1"]
[WhiteElo "1735"]
[BlackElo "2504"]
[PlyCount "76"]
[EventDate "2019.06.19"]
[EventType "team-swiss"]
[EventRounds "9"]
[EventCountry "CHN"]
[SourceTitle "CBM 191 Extra"]
[Source "ChessBase"]
[SourceDate "2019.09.30"]
[SourceVersion "1"]
[SourceVersionDate "2019.09.30"]
[SourceQuality "1"]
[WhiteTeam "Ningbo"]
[BlackTeam "Chongqing"]
[WhiteTeamCountry "CHN"]
[BlackTeamCountry "CHN"]

1. d4 Nf6 2. Nf3 b6 3. Bg5 e6 4. e4 h6 5. Bxf6 Qxf6 6. Bd3 Bb7 7. 0-0 d6 8. Nbd2 Nd7 9. Qe2 a6 10. e5 Qd8 11. Be4 d5 12. Bd3 Be7 13. Ne1 c5 14. c3 b5 15. Qg4 Rg8 16. f4 g6 17. Qh3 h5 18. g4 Qb6 19. Nc2 hxg4 20. Qxg4 0-0-0 21. Rae1 Kb8 22. Nf3 Rc8 23. Ng5 cxd4 24. cxd4 Rxc2 25. Bxc2 Qxd4+ 26. Rf2 Bc5 27. Qg3 Qxb2 28. Qb3 Qd4 29. Qf3 Rc8 30. Bb3 Bb6 31. Rd1 Qb4 32. Kf1 Rc3 33. Qe2 Bxf2 34. Qxf2 Nc5 35. Nxf7 Nxb3 36. axb3 Qxb3 37. Qd2 Rc2 38. Qd3 Qb2 0-1

[Event "CHN-chT"]
[Site "Hangzhou"]
[Date "2018.06.21"]
[Round "4.5"]
[White "Gao, Mingze"]
[Black "Wu, Wenda"]
[Result "1-0"]
[WhiteElo "1933"]
[BlackElo "1784"]
[PlyCount "99"]
[EventDate "2018.06.19"]
[EventType "team-swiss"]
[EventRounds "9"]
[EventCountry "CHN"]
[SourceTitle "CBM 185 Extra"]
[Source "ChessBase"]
[SourceDate "2018.07.29"]
[SourceVersion "1"]
[SourceVersionDate "2018.07.29"]
[SourceQuality "1"]
[WhiteTeam "Hebei"]
[BlackTeam "Ningbo"]
[WhiteTeamCountry "CHN"]
[BlackTeamCountry "CHN"]

1. e4 c6 2. d4 d5 3. exd5 cxd5 4. Bd3 Nc6 5. c3 Nf6 6. Bf4 Bg4 7. Qb3 Qc8 8. Nd2 e6 9. Ngf3 Be7 10. 0-0 0-0 11. Rfe1 a6 12. Ne5 Bh5 13. Ndf3 Nd7 14. Re3 Ndxe5 15. Nxe5 Nxe5 16. Bxe5 Bg6 17. Rg3 Qd7 18. Qd1 Bd6 19. Qg4 f5 20. Qf4 Bxe5 21. dxe5 Qe7 22. Rd1 Rfd8 23. Bc2 Rd7 24. Rgd3 Rad8 25. Rd4 Kh8 26. Qd2 Bh5 27. f3 b5 28. a4 Be8 29. Ra1 Ra7 30. Qf2 Rb8 31. a5 Rc7 32. Bd3 Rc6 33. Rb4 Rc7 34. Qd4 Rbc8 35. Rd1 g5 36. Qf2 Qg7 37. Re1 f4 38. g3 Bg6 39. Bxg6 Qxg6 40. gxf4 gxf4+ 41. Kh1 Qf5 42. Qh4 Rf7 43. Rd4 Rg8 44. Rd2 Qg6 45. Qf2 Rfg7 46. Rdd1 Qh5 47. Rg1 Rg3 48. Rdf1 Qxe5 49. hxg3 Qh5+ 50. Qh2 1-0

[Event "CHN-chT qual"]
[Site "Jiaxing"]
[Date "2017.07.03"]
[Round "9"]
[White "Jiang, Qinyu"]
[Black "Wu, Wenda"]
[Result "1-0"]
[WhiteElo "1845"]
[BlackElo "1829"]
[PlyCount "74"]
[EventDate "2017.06.29"]
[EventType "swiss"]
[EventRounds "9"]
[EventCountry "CHN"]
[SourceTitle "EXT 2018"]
[Source "ChessBase"]
[SourceDate "2017.10.13"]
[SourceVersion "1"]
[SourceVersionDate "2017.10.13"]
[SourceQuality "1"]

1. d4 Nf6 2. c4 g6 3. Nc3 Bg7 4. e4 d6 5. f3 0-0 6. Be3 e5 7. d5 Nh5 8. Qd2 f5 9. Bd3 f4 10. Bf2 Bf6 11. 0-0-0 Bh4 12. c5 Bxf2 13. Qxf2 Qe7 14. cxd6 cxd6 15. Kb1 Nd7 16. Nge2 Nc5 17. Bc2 a5 18. Nc1 Bd7 19. Nd3 b6 20. Rc1 Rfc8 21. Qe2 Qe8 22. Ka1 Rc7 23. Nxc5 bxc5 24. Bd3 Rb7 25. Nb1 Qd8 26. Na3 Ng7 27. Nc4 Ne8 28. g3 Qf6 29. gxf4 Qxf4 30. h4 h6 31. Rcg1 Kh7 32. Qg2 Qf7 33. Qg3 Bb5 34. Qg4 Bxc4 35. Bxc4 Qf6 36. Rh2 Rg7 37. Rf2 Rb8 1-0

[Event "CHN-chT qual"]
[Site "Jiaxing"]
[Date "2017.06.30"]
[Round "2"]
[White "Wu, Wenda"]
[Black "Wang, Zhai"]
[Result "1-0"]
[WhiteElo "1829"]
[BlackElo "1396"]
[PlyCount "85"]
[EventDate "2017.06.29"]
[EventType "swiss"]
[EventRounds "9"]
[EventCountry "CHN"]
[SourceTitle "EXT 2018"]
[Source "ChessBase"]
[SourceDate "2017.10.13"]
[SourceVersion "1"]
[SourceVersionDate "2017.10.13"]
[SourceQuality "1"]

1. d4 c5 2. e3 Nf6 3. Nf3 e6 4. Bd3 d5 5. b3 Nc6 6. a3 cxd4 7. exd4 Bd6 8. 0-0 0-0 9. Bg5 Re8 10. Bb5 Qa5 11. Bd3 Ne4 12. Nbd2 Nxg5 13. Nxg5 h6 14. Ngf3 Qc3 15. Bb5 a6 16. Bxc6 bxc6 17. Re1 a5 18. Re3 Qb2 19. b4 a4 20. Rb1 Qa2 21. Qc1 Bf4 22. Rc3 e5 23. Ra1 exd4 24. Rxc6 Qxa1 25. Qxa1 Bd7 26. Rc5 Be6 27. Qxd4 Bd6 28. Rc6 Red8 29. Nf1 Be7 30. g3 Bf6 31. Qd3 Bh3 32. Rc7 Bb2 33. Ne3 d4 34. Nc4 Bc1 35. Nce5 Rf8 36. b5 Rab8 37. Nd7 Rbc8 38. Ra7 Rfd8 39. Nde5 Rc3 40. Qd1 Bxa3 41. Rxa4 Rd5 42. Ra8+ Kh7 43. Ng5+ 1-0

[Event "CHN Team"]
[Site "Beijing"]
[Date "2017.06.12"]
[Round "7.7"]
[White "Lan, Zilun"]
[Black "Wu, Wenda"]
[Result "1-0"]
[WhiteElo "2354"]
[BlackElo "1829"]
[PlyCount "125"]
[EventDate "2017.06.06"]
[EventType "team-swiss"]
[EventRounds "9"]
[EventCountry "CHN"]
[SourceTitle "CBM 178 Extra"]
[Source "ChessBase"]
[SourceDate "2017.06.22"]
[SourceVersion "1"]
[SourceVersionDate "2017.06.22"]
[SourceQuality "1"]
[WhiteTeam "Zhejiang"]
[BlackTeam "Ningbo Baixue Qiyuan"]
[WhiteTeamCountry "CHN"]
[BlackTeamCountry "CHN"]

1. d4 Nf6 2. c4 g6 3. Nc3 Bg7 4. e4 d6 5. f3 0-0 6. Be3 e5 7. d5 Nh5 8. Qd2 f5 9. exf5 gxf5 10. 0-0-0 Nf6 11. Bd3 b6 12. Nge2 a5 13. h3 Nfd7 14. g4 Nc5 15. Bc2 Nba6 16. Ng3 f4 17. Bxc5 Nxc5 18. Nge4 Qh4 19. Nxc5 bxc5 20. Nb5 Rf7 21. Qe2 Ba6 22. Nc3 Bc8 23. Ne4 Bd7 24. Rd3 Ra7 25. Nd2 Rf8 26. Ra3 Rb8 27. Be4 Rb4 28. Kb1 Bf6 29. Nb3 a4 30. Nc1 Rb8 31. Nd3 Rab7 32. Rc3 Kh8 33. Rc2 Bg5 34. Ne1 Be8 35. Ng2 Qh6 36. h4 Be7 37. h5 Bg5 38. Ne1 Qf6 39. Nd3 h6 40. Nf2 Bd7 41. Bd3 Qg7 42. Ne4 Rg8 43. Qd2 Rb4 44. Ka1 Qf8 45. Rb1 Qb8 46. Rc3 Qb6 47. Bc2 Bh4 48. Qd3 Rg7 49. Bd1 Qb8 50. Bc2 Qb6 51. Qd2 Qb8 52. Qh2 Bg5 53. Qe2 Bh4 54. Ra3 Qb6 55. Qd3 Qa6 56. b3 Kg8 57. Rh1 Be7 58. Nd2 Bf6 59. Ne4 Be7 60. Rb1 Bh4 61. g5 Bxg5 62. Nxg5 hxg5 63. h6 1-0

[Event "Bai Xue Cup"]
[Site "Ningbo"]
[Date "2017.04.30"]
[Round "6"]
[White "Wu, Wenda"]
[Black "Cai, Yuhao"]
[Result "1/2-1/2"]
[WhiteElo "1816"]
[BlackElo "2012"]
[PlyCount "76"]
[EventDate "2017.04.29"]
[EventType "swiss"]
[EventRounds "7"]
[EventCountry "CHN"]
[SourceTitle "EXT 2018"]
[Source "ChessBase"]
[SourceDate "2017.10.13"]
[SourceVersion "1"]
[SourceVersionDate "2017.10.13"]
[SourceQuality "1"]

1. d4 Nf6 2. Nf3 g6 3. Bf4 Bg7 4. e3 d6 5. h3 0-0 6. Be2 c6 7. c3 Nbd7 8. 0-0 Ne4 9. Nbd2 Nxd2 10. Nxd2 e5 11. Bh2 Qe7 12. Nc4 d5 13. Nd2 f5 14. dxe5 Nxe5 15. Nf3 Nxf3+ 16. Bxf3 Be6 17. Re1 Rad8 18. Qa4 Qc5 19. a3 Qb6 20. Qb4 Qxb4 21. axb4 a6 22. Bc7 Rd7 23. Bb6 Be5 24. Rad1 Bc7 25. Bxc7 Rxc7 26. Rd2 Kf7 27. Kf1 Kf6 28. Ke2 Ke5 29. Kd3 Ra8 30. Ra1 g5 31. g3 Rf7 32. Re2 Rd8 33. Rh1 Rdf8 34. h4 g4 35. Bg2 h5 36. Ra1 Ra8 37. Ree1 Kd6 38. Ra3 Ke5 1/2-1/2

[Event "Hangzhou op of Ivy 1st"]
[Site "Hangzhou"]
[Date "2017.01.22"]
[Round "8.12"]
[White "Ye, Yichen"]
[Black "Wu, Wenda"]
[Result "1-0"]
[WhiteElo "1782"]
[BlackElo "1897"]
[PlyCount "103"]
[EventDate "2017.01.18"]
[EventType "swiss"]
[EventRounds "9"]
[EventCountry "CHN"]
[SourceTitle "EXT 2024"]
[Source "ChessBase"]
[SourceDate "2023.10.10"]
[SourceVersion "1"]
[SourceVersionDate "2023.10.10"]
[SourceQuality "1"]

1. e4 c5 2. Nf3 d6 3. d4 cxd4 4. Nxd4 Nf6 5. Nc3 a6 6. Be2 e5 7. Nb3 Be7 8. 0-0 Be6 9. Be3 0-0 10. Qd2 Nbd7 11. f3 b5 12. Nd5 Nxd5 13. exd5 Bf5 14. Rac1 Nb6 15. Na5 Bd7 16. c4 bxc4 17. Nxc4 Nxc4 18. Bxc4 f5 19. b4 Qb8 20. a3 Bd8 21. Rb1 Bb6 22. Qf2 Bxe3 23. Qxe3 Bb5 24. Rfc1 f4 25. Qd3 Qb6+ 26. Kh1 Bd7 27. Qe2 Rf6 28. b5 a5 29. a4 Rh6 30. Qf1 Rb8 31. Qg1 Qd8 32. b6 g5 33. b7 g4 34. fxg4 Bxg4 35. Ba6 Kh8 36. Qa7 f3 37. Qxb8 Qxb8 38. Rc8+ Qxc8 39. bxc8Q+ Bxc8 40. Bxc8 f2 41. Rf1 Rf6 42. g3 e4 43. Kg2 e3 44. Ba6 Rf5 45. Bc4 Kg7 46. Rd1 Kf6 47. Be2 Ke7 48. Rd3 Re5 49. Kf1 Kd7 50. Bf3 Kc7 51. Ke2 Re8 52. Bg2 1-0